000 00437nam a2200181Ia 4500
005 20250425162217.0
008 250425s9999 xx 000 0 und d
041 _aspa
082 _a343.0877
245 0 _aARANCEL DE IMPORTACIONES DEL ECUADOR
250 _a1A ED.
260 _aEcuador
_bPUDELECO
_c2005
260 _aS.L.
650 _aARANCEL DE IMPORTACIONES
650 _aARANCELES-ECUADOR
942 _c01
010 _a56926
999 _c224595
_d224595